Barron's how to prepare for the GRE. (Record no. 542973)
[ view plain ]
| 000 -LEADER | |
|---|---|
| fixed length control field | 00322nam a22001217a 4500 |
| 020 ## - INTERNATIONAL STANDARD BOOK NUMBER | |
| International Standard Book Number | 0764117696 |
| 082 ## - DEWEY DECIMAL CLASSIFICATION NUMBER | |
| Classification number | 378.1662 |
| Author Mark | GRE |
| -- | NUST |
| 100 ## - MAIN ENTRY--PERSONAL NAME | |
| Personal name | Green, Sharon Weiner., |
| 9 (RLIN) | 38360 |
| 245 ## - TITLE STATEMENT | |
| Title | Barron's how to prepare for the GRE. |
| 300 ## - PHYSICAL DESCRIPTION | |
| Extent | 535p.: |
| Other physical details | ill.; |
| 526 ## - STUDY PROGRAM INFORMATION NOTE | |
| Program name | 0 |
| Interest level | 0 |
| Reading level | 0 |
| Title point value | 378_166200000000000_GRE |
| 942 ## - ADDED ENTRY ELEMENTS (KOHA) | |
| Source of classification or shelving scheme | |
| Koha item type | Book |
| Withdrawn status | Lost status | Source of classification or shelving scheme | Damaged status | Not for loan | Permanent Location | Current Location | Date acquired | Total Checkouts | Total Renewals | Full call number | Barcode | Date last seen | Date last checked out | Price effective from | Koha item type |
|---|---|---|---|---|---|---|---|---|---|---|---|---|---|---|---|
| Military College of Engineering (MCE) | Military College of Engineering (MCE) | 02/27/2014 | 3 | 1 | 378.1662 GRE | MCE-38214 | 08/01/2018 | 02/06/2018 | 02/27/2014 | Book |
